| 000 | 00409 a2200121 4500 | ||
|---|---|---|---|
| 082 |
_a708 _bM968c |
||
| 110 |
_aCentro de Artes Visuales/Museo del Barro _9971 |
||
| 245 | _aCentro de Artes Visuales/Museo del Barro | ||
| 260 |
_aParaguay _bImprenta Arte Nuevo _c1998 |
||
| 300 |
_a40 p _bill (col) _c30 cm |
||
| 650 |
_aarte popular _xarte-catalogo _zParaguay _9972 |
||
| 710 |
_aCentro de Artes Visuales/Museo del Barro _9973 |
||
| 999 |
_c209 _d209 |
||